000 00325nam a2200145Ia 4500
008 230718s9999 xx 000 0 und d
041 _aEng.
082 _a34765
_bMAL-G
100 _aMalik, Amna
245 0 _aGunrdian Words
260 _aPakistan
_bPunjab Law House
_c2016
300 _a216
650 _aLaw
999 _c30774
_d30774